000 00391nam a2200181Ia 4500
005 20240823054824.0
008 240823s9999||||xx |||||||||||||| ||und||
041 _aENGLISH
082 _A822.33
100 _aWilliam Shakespeare
245 0 _aOthello
250 _a1st
260 _bManimekala Publi
500 _aYES
650 _aEnglish
_bEnglish
942 _cBK
999 _c227356
_d227356